| 000 | 00503nam a2200157 a 4500 | ||
|---|---|---|---|
| 001 | 000038955 | ||
| 005 | 20201002031432.0 | ||
| 008 | 130508s1999 dr 000 0 spa d | ||
| 040 |
_aDO-SdBNP _bspa _cBNPHU |
||
| 100 | 1 |
_aKento, Luis _965212 |
|
| 245 | 1 | 0 |
_a100 mensajes para vivir / _cLuis Kento ; prólogo José E. Flete Morillo. |
| 246 | 1 | 0 | _aCien mensajes para vivir |
| 260 |
_aSanto Domingo : _bFudación Luis Kenton, _c1999. |
||
| 300 |
_a57 p. ; _c22 cm. |
||
| 700 | 1 |
_aFlete Morillo, José E. _965213 |
|
| 999 |
_c38445 _d38445 |
||